000 00330nam a2200133Ia 4500
008 190216s9999||||xx |||||||||||||| ||und||
100 _aLinus Pauling And Bright Wilson
245 0 _aIntroduction To Quantum Mechanics
250 _a1st Ed.
260 _bNull
_c1935
300 _a468
650 _aChemistry-Chemistry
942 _cBK
999 _c2187
_d2187